000 00388nam a22001697a 4500
005 20180801144349.0
008 160625b xxu||||| |||| 00| 0 eng d
020 _a0-07-066287-8
041 _aeng
082 _b9931
_a658.3
100 _aFlipo, Edwin. B
_94673
245 _aPersonnel Management
260 _bTMH
_adelhi
300 _a588p,
650 _aManagement
_9241
942 _cBK
999 _c3889
_d3888